00658nam a22001937a 4500999001900000005001700019010001500036020002700051035001400078037000900092082001600101100001900117245006000136260003000196270004700226300002100273942003000294952014000324 c185940d18594020220211105749.0 aENG-131525 a9789350832561c3000.00 aEN-115057 bDBAD a294.5924047 aGarga, Malayaj aThe Holy Gita:bThe Discourse Nonpareil/cMalayaj Garga aDelhibFusion Booksc2018 aX-30, Okhla Industrial AreabDelhie110020 a958p.c27cm(hbk) 2ddccENh294.5924047mGAR 001040708NFICaBNbBNd2022-02-11eDBAD/PUBg3000.00l2o294.5924047 GARpEN-115057r2024-08-08 00:00:00s2024-07-27t1v3000.00yEN